Statistiques concernant Effectif ASSE 2023-2024

Cliquez ici pour prendre le quiz!

Statistiques générales

  • Ce quiz a été pris 166 fois
  • Le résultat moyen est 20 sur 33

Statistiques - réponses

Posteréponse% Correct
GLarsonneur
98%
GGreen
97%
DPétrot
90%
DBriançon
88%
MBouchouari
85%
ASissoko
84%
MCafaro
82%
MMoueffek
81%
DNadé
81%
DAppiah
80%
DBatubinsika
80%
MMonconduit
76%
MChambost
72%
CoachDall'Oglio
72%
ACharbonnier
69%
GDreyer
69%
MFall
67%
MTardieu
67%
AWadji
65%
ARivera
61%
MFomba
53%
DBentayg
52%
ADiarra
49%
MLobry
48%
MAmougou
43%
ACissé
43%
MGauthier
33%
DNokoue
30%
DBladi
29%
DOwusu
27%
ADieye
26%
AOthman
19%
DNkounkou
16%

Distribution des résultats

Percentile par nombre de réponses

% des personnes avec chaque résultat

Votre développement - résultats

Vous n’avez pas pris ce quiz